000 00439nam a2200133Ia 4500
005 20260328101508.0
008 260328s9999||||xx |||||||||||||| ||und||
100 _aGordillo Bedoya, Fernando
245 0 _aPautas para una Construcción Sostenible en Colombia (Bogotá, Cali y Medellín) /
_cFernando Gordillo Bedoya
260 _bUniversidad Colegio Mayor de Cundinamarca
300 _a127 p.
650 _aARQUITECTURA Y CLIMA
942 _cBK
999 _c9090
_d9090